| 000 | 00776nam a22002777a 4500 | ||
|---|---|---|---|
| 001 | 01245 | ||
| 003 | DO-SdBNP | ||
| 005 | 20171110094428.0 | ||
| 007 | 01245 | ||
| 008 | 160919b 2005 mx ||||| |||| 00| 0 spa d | ||
| 020 | _a9681913256 | ||
| 040 |
_aBPMSU _bspa _cBPMSU |
||
| 082 |
_a613.71 _bA935p |
||
| 100 | _aAustin, Denise | ||
| 245 |
_aPilates para todos / _cDenise Austín |
||
| 260 |
_aMéxico : _balamah, _c2005 |
||
| 300 |
_a326 p. ; _b24 cm. |
||
| 500 | _aIncluye datos biográficos del autor en la solapa de la cubierta | ||
| 650 | 4 | _aEJERCÍCIO | |
| 650 | 4 | _aPILATES | |
| 650 | 4 | _aAPTITUDES FÍSICAS | |
| 910 | _aValidado. Control de calidad MFF | ||
| 942 |
_2ddc _cBK |
||
| 945 | _aInventariado, 2017/MFF | ||
| 956 |
_aVMATEO _b10 _c20160919 _dBPMSU _f0069 |
||
| 999 |
_c11458 _d11458 |
||